|
|
|
|
| LEADER |
01795njm a2200421 a 4500 |
| 001 |
000267112 |
| 003 |
CZ BrMZK |
| 005 |
19950101143423.0 |
| 008 |
950101s1995 xr f eng d |
| 028 |
0 |
3 |
|a SU 3009-2 131
|b Supraphon Records
|
| 040 |
|
|
|a BOA001
|b cze
|
| 080 |
|
|
|a 785.73:788(086.7)
|2 MRF
|
| 080 |
|
|
|a 785.73:787.1/.3(086.7)
|2 MRF
|
| 110 |
2 |
|
|a Novákovo trio
|7 ko2004252567
|
| 245 |
1 |
0 |
|a Wind trios
|h [zvukový záznam] /
|c Novák trio.
|
| 246 |
3 |
3 |
|a Divertimento in G major for violin, viola and cello
|
| 246 |
3 |
3 |
|a Trio in B flat major for 2 Oboes and English Horn
|
| 246 |
3 |
3 |
|a Trio in C major for 2 Oboes and English Horn
|
| 246 |
3 |
3 |
|a Trio in C major, Op. 87 for 2 Oboes and English Horn
|
| 246 |
3 |
3 |
|a Trio in F major for 2 Oboes and English Horn
|
| 260 |
|
|
|a Praha :
|b Supraphon Records,
|c p1995
|
| 300 |
|
|
|a 1 CD :
|b stereo, DDD ;
|c 12 cm +
|e 1 brožura (11 s.).
|
| 306 |
|
|
|a 011413
|
| 500 |
|
|
|a Text v brožuře vícejaz.
|
| 500 |
|
|
|a Nahr. 1995
|
| 500 |
|
|
|a Durata 74:13
|
| 505 |
2 |
|
|a Divertimento in G major for Violin, Viola and Cello, Trio in B flat major for 2 Oboes and English Horn, Trio in C major for 2 Oboes and English Horn...[et al.]
|
| 653 |
0 |
|
|a dechová tria
|a klasicismus(hudeb.)
|a smyčcová tria
|
| 700 |
1 |
|
|a Vent, Jan Nepomuk,
|d 1745-1801
|7 ola2002145127
|4 cmp
|
| 700 |
1 |
|
|a Vranický, Antonín,
|d 1761-1820
|7 jn19990210809
|4 cmp
|
| 700 |
1 |
|
|a Beethoven, Ludwig van,
|d 1770-1827
|7 jn19990000607
|4 cmp
|
| 700 |
1 |
|
|a Haydn, Joseph,
|d 1732-1809
|7 jn19990003267
|4 cmp
|
| 700 |
1 |
|
|a Triebensee, Josef,
|d 1772-1846
|7 jn20040128011
|4 cmp
|
| 910 |
|
|
|a BOA001
|b CD-0003.151
|
| 964 |
|
|
|a Tria dechová
|x CD
|
| 964 |
|
|
|a Tria smyčcová
|x CD
|
| 990 |
|
|
|a AV
|
| 996 |
6 |
|
|b 261H003187
|c CD-0003.151
|l MZK
|r Sklad / do 24 hodin
|n 0
|w 000267112
|u 000010
|a 1
|e BOA001
|j MZK50
|s P
|